La Influencia de la televisión /

Salvato in:
Dettagli Bibliografici
Autore principale: Fournier Facio, Marco Vinicio
Natura: testo
Soggetti:
Tags: Aggiungi Tag
Nessun Tag, puoi essere il primo ad aggiungerne!!

MARC

LEADER 00000 a a2200000 04500
001 5010
003
040
100 |a Fournier Facio, Marco Vinicio  
245 |a La Influencia de la televisión /  |c Marco Vinicio Fournier Facio 
650 |a TELEVISION  
650 |a VIOLENCIA  
650 |a ASPECTOS PSICOLOGICOS  
650 |a INFLUENCIA SOCIAL  
773 |g número 42; páginas 6-9  
999 |c 22801  |d 22801